Welcome to CU Library Online Public Access Catalogue (OPAC)

Short cuts : (Record no. 3099)

MARC details
000 -LEADER
fixed length control field 00795cam a2200229 a 4500
001 - CONTROL NUMBER
control field 690736
005 - DATE AND TIME OF LATEST TRANSACTION
control field 20250127151410.0
008 - FIXED-LENGTH DATA ELEMENTS--GENERAL INFORMATION
fixed length control field 960611s1997 ilu d 000 0 eng
020 ## - INTERNATIONAL STANDARD BOOK NUMBER
International Standard Book Number 0844209058 (pbk.)
050 00 - LIBRARY OF CONGRESS CALL NUMBER
Classification number PE1693
Item number .K533 1997
082 00 - DEWEY DECIMAL CLASSIFICATION NUMBER
Classification number 423/.1
Edition information 20
100 1# - MAIN ENTRY--PERSONAL NAME
Personal name Kleinedler, Steven Racek.
245 10 - TITLE STATEMENT
Title Short cuts :
Remainder of title the dictionary of useful abbreviations /
Statement of responsibility, etc. Steven Kleinedler.
260 ## - PUBLICATION, DISTRIBUTION, ETC.
Place of publication, distribution, etc. Lincolnwood, Ill. :
Name of publisher, distributor, etc. NTC Pub. Group,
Date of publication, distribution, etc. c1997.
300 ## - PHYSICAL DESCRIPTION
Extent viii, 311 p. ;
Dimensions 20 cm.
440 #4 - SERIES STATEMENT/ADDED ENTRY--TITLE
Title The Artful Wordsmith series
500 ## - GENERAL NOTE
General note Rev. ed. of: NTC's dictionary of acronyms and abbreviations. c1993.
650 #0 - SUBJECT ADDED ENTRY--TOPICAL TERM
Topical term or geographic name entry element Acronyms.
650 #0 - SUBJECT ADDED ENTRY--TOPICAL TERM
Topical term or geographic name entry element Abbreviations, English.
700 1# - ADDED ENTRY--PERSONAL NAME
Personal name Kleinedler, Steven Racek.
Title of a work NTC's dictionary of acronyms and abbreviations.
942 ## - ADDED ENTRY ELEMENTS (KOHA)
Source of classification or shelving scheme Library of Congress Classification
Koha item type Books
Suppress in OPAC No
999 ## -
-- 3099
-- 3099
Holdings
Withdrawn status Lost status Source of classification or shelving scheme Damaged status Not for loan Collection Home library Current library Shelving location Date acquired Total checkouts Full call number Barcode Date last seen Copy number Price effective from Koha item type
    Library of Congress Classification     Non-fiction Graduate Library (Christ Temple) Graduate Library (Christ Temple) Reference 01/27/2025   REF PE 1693 KLE GSCT00000355 01/27/2025 1 01/27/2025 Books
© 2023-2024 Copyright: Central University Libraries. All Rights Reserved | Created by: Mahone Tech Office